Sports Quiz

Random Sports Quiz
Score 0/50 Timer 08:00
0 Plays Today
Overall Player % Correct
94Cristiano Ronaldo
99.5%
93Lionel Messi
99.4%
92Neymar
98%
92Luis Suarez
96.1%
90Eden Hazard
91.1%
91Robert Lewandowski
86.6%
89Gareth Bale
86%
92Manuel Neuer
84.9%
89Luka Modric
84.1%
89Alexis Sanchez
83.7%
90Sergio Ramos
80.4%
90David De Gea
76.3%
87Paul Pogba
76.1%
89 Sergio Aguero
74.9%
86Romelu Lukaku
74%
90Toni Kroos
72.9%
89Gianluigi Buffon
70.1%
87Edinson Cavani
69.4%
86Harry Kane
69.1%
88Thiago Silva
68.9%
87David Silva
68.3%
89Kevin De Bruyne
68%
87Andres Iniesta
66.9%
88Zlatan Ibrahimovic
66.9%
88Arjen Robben
66.3%
Overall Player % Correct
90Gonzalo Higuain
64.9%
88Paulo Dybala
61.5%
88Antoine Griezmann
57.8%
87Gerard Pique
57.3%
89Giorgio Chiellini
56.7%
88Mesut Ozil
56.3%
88Jerome Boateng
55.9%
88Mats Hummels
55.1%
89Thibaut Courtois
53.5%
88Leonardo Bonucci
51.3%
87Arturo Vidal
50.2%
88Pierre-Emerick Aubameyang
49.5%
87Christian Eriksen
47.5%
87Marek Hamsik
47.1%
88Hugo Lloris
45.2%
87N'Golo Kante
42.8%
88Diego Godin
42.6%
86Philippe Coutinho
41.9%
87Marcelo
40.9%
87Ivan Rakitic
39.7%
88Jan Oblak
35.1%
86Dries Mertens
33.5%
88Thiago
32.6%
87Samir Handanovic
27%
88Marco Verratti
22.1%
Remove Ads.
Support Sporcle.
Get the best of Sporcle when you Go Orange. This ad-free experience offers more features, more stats, and more fun while also helping to support Sporcle. Thank you for becoming a member.

You're not logged in!

Compare scores with friends on all Sporcle quizzes.
OR
Log In

Sporcle TV

Today on Sporcle TV


Watch our educational content, quiz creation guides, and fun videos on Sporcle TV.

Show Comments

Extras

Top Quizzes Today


Score Distribution

Paid Content

Your Account Isn't Verified!

In order to create a playlist on Sporcle, you need to verify the email address you used during registration. Go to your Sporcle Settings to finish the process.

Report this User

Report this user for behavior that violates our Community Guidelines.

Details: